000 00453nam a2200145 4500
001 132649
003 ES-MaACL
007 t|
008 070214s1975 sp r ||||1| spa d
100 1 _aRomano Pérez, María Eugenia.
_999262
245 1 3 _aEl dibujo de la figura humana como técnica proyectista /
_cMaría Eugenia Romano Pérez.
260 _aMadrid :
_bGredos,
_c1975.
300 _a238 p. :
_bil. ;
_c24 cm.
852 _aES-MaACL
_jE-8817
_bR.93195
999 _c132649
_d132649